Deň mesta - Košičanov lákali folkloristi, železnička i zoo symbol jari a lásky postavili folkloristi pri súsoší Immaculata

Bibliographic Details
Main Author: Ferko, Ľubomír (Author)
Format: Article
Language:Slovak
PhysicalDescription:Fotografie
ISSN:1339-7605
Subjects:
Online Access:https://kosicednes.sk/udalosti/den-mesta-kosicanov-lakali-folkloristi-zeleznicka-i-zoo/

MARC

LEADER 00000nab a2200000u 4500
001 vtls011754561
003 SK-MaSNL
005 20260303082141.0
008 180503|2018 xo ||||||| ||00 ||slo|
038 |a KEVKJB 
040 |a KEVKJB  |b slo  |e rda 
041 0 |a slo 
043 |a e-xo--- 
044 |a xo  |c SK 
072 7 |a 394  |x Verejný a spoločenský život. Každodenný život  |2 konspekt 
080 |a 394.2  |2 2011 
100 1 |a Ferko, Ľubomír  |4 aut  |9 458993 
245 1 0 |a Deň mesta - Košičanov lákali folkloristi, železnička i zoo  |b symbol jari a lásky postavili folkloristi pri súsoší Immaculata  |c Ľubo Ferko 
300 |b Fotografie 
336 |a text  |b txt  |2 rdacontent 
337 |a bez média  |b n  |2 rdamedia 
338 |a zväzok  |b nc  |2 rdacarrier 
611 2 7 |a Deň mesta Košice  |n (24. :  |d 2018 :  |c Košice, Slovensko)  |2 kevkjb  |9 1086592 
651 7 |a Košice (Slovensko)  |2 kevkjb  |9 18694 
773 0 |t KOŠICE:DNES  |g Roč. 5, č. 84 (2.5.2018), s. 6-7  |x 1339-7605 
852 |a KEVKJB  |b KIS3GCP 
856 4 1 |u https://kosicednes.sk/udalosti/den-mesta-kosicanov-lakali-folkloristi-zeleznicka-i-zoo/ 
999 |c 1786949  |d 1788879